000
00289nam a22001337a 4500
008
171031b xxu||||| |||| 00| 0 eng d
020
_a
9780536820228
041
_a
eng
080
_a
33
100
_a
58
101
_a
BUS
245
_a
BUSINESS ESSENTIALS
_c
EBERT.R.J
942
_2
udc
_c
BK
999
_c
36629
_d
36629